banner koha

O gênero Adiantum AdiantumAdiantum (Pteridaceae) no estado do Rio de Janeiro, Brasil (Registro n. 329163)

MARC details
000 -LÍDER
fixed length control field 03195nab a2200265 i 4500
003 - CÓDIGO MARC DA AGÊNCIA CATALOGADORA
Campo de controle BR-BrBNA
005 - DATA E HORA DA ÚLTIMA ATUALIZAÇÃO
Campo de controle 20241211090252.0
008 - CAMPO DE TAMANHO FIXO
fixed length control field 241211b2011 bl.qr|pooa||| 00| 0 por |
040 ## - FONTE DA CATALOGAÇÃO
Agência catalogadora BR-BrBNA
Idioma da catalogação por
072 ## - CATEGORIA AGRIS
Código AGRIS F70
100 ## - ENTRADA PRINCIPAL - NOME PESSOAL
Nome pessoal Winter, Sara Lopes de Sousa
100 ## - ENTRADA PRINCIPAL - NOME PESSOAL
Nome pessoal Sylvestre, Lana da Silva
100 ## - ENTRADA PRINCIPAL - NOME PESSOAL
Nome pessoal Prado, Jefferson
245 ## - TÍTULO PRINCIPAL
Título principal O gênero Adiantum AdiantumAdiantum (Pteridaceae) no estado do Rio de Janeiro, Brasil
500 ## - NOTA GERAL
Nota geral Publicação on-line; 24 ref. 3 illus.; Summaries (En, Pt)
942 ## - ADDED ENTRY ELEMENTS (KOHA)
Koha item type Analítica
520 ## - NOTA DE RESUMO
Nota de conteúdo <br/><br/>Resumo<br/><br/>Adiantum L. é um gênero facilmente reconhecível pela presença de pseudo-indúsio com nervuras, formado<br/>pela margem revoluta da lâmina. Compreende espécies terrestres ou epipétricas. É um grupo Pantropical com<br/>cerca de 200 espécies, sendo que 70 delas ocorrem na América do Sul e 62 no Brasil. Adiantum ocorre<br/>principalmente no interior de florestas primárias e secundárias, desde o nível do mar até cerca de 2.000<br/>metros de altitude. Visando-se o conhecimento regional do grupo no Brasil, o presente trabalho apresenta o<br/>levantamento do gênero Adiantum no estado do Rio de Janeiro, fornecendo chave de identificação, descrições,<br/>comentários e ilustrações das espécies. Existem 20 espécies de Adiantum no Estado, correspondendo a 30%<br/>do número total registrado para o Brasil e podem ser encontradas desde florestas úmidas até restingas, desde<br/>o nível do mar até 850 metros de altitude. Dentre as espécies inventariadas, algumas possuem ampla distribuição<br/>na América Central e América do Sul (70%), enquanto outras são endêmicas do Brasil (30%).<br/><br/>Palavras-chave: Adiantoideae, Floresta Atlântica, samambaias, taxonomia.
520 ## - NOTA DE RESUMO
Nota de conteúdo <br/><br/>Abstract<br/><br/>The genus Adiantum L. can be easily recognized by the pseudoindusium formed by the revolute margin of the<br/>lamina and with veins. The species of this genus are terrestrial or lithophytics. It is a Pantropical group with<br/>approximately 200 species, 70 of which occur in South America, and 62 in Brazil. Its species are usually<br/>found in primary and secondary forests, from sea level to 2,000 meters. Aimed the regional knowledge of this<br/>group in Brazil, this study reports a floristic survey of the genus Adiantum to the state of Rio de Janeiro,<br/>providing an identification key, descriptions, comments, and illustrations of the species. There are 20 species<br/>of Adiantum in the state, corresponding to 30% of the species recorded to Brazil. They can be found in<br/>rainforests and sandy coastal plain vegetation, from sea level to 850 meters. Some species have a wide range<br/>of distribution in Central and South America (70%), whereas others are endemic to Brazil (30%).<br/><br/>Key words: Adiantoideae, Atlantic Forest, ferns, taxonomy.<br/>
650 ## - ASSUNTO - THESAGRO
Cabeçalho tópico ou nome geográfico FLORESTA ATLÂNTICA
650 ## - ASSUNTO - THESAGRO
Cabeçalho tópico ou nome geográfico SAMAMBAIA
650 ## - ASSUNTO - THESAGRO
Cabeçalho tópico ou nome geográfico TAXONOMIA
773 0# - ENTRADA ANALÍTICA
Host Biblionumber 709
Registro do item 347204
Imprenta Rio de Janeiro-RJ Jardim Botanico do Rio de Janeiro 1935
Outro identificador 2024-8121
Título Rodriguésia (Brazil)
ISSN 0370-6583; 2175-7860 on-line
Colação v. 62(3) p. 663-681; (2011)
Número de controle de registro BR2024003851
856 ## - ACESSO E ENDEREÇO ELETRÔNICO
Identificador uniforme de recurso - URI https://www.scielo.br/j/rod/a/D8xZqFyt8yhN4R387J8tXRg/?format=pdf&lang=pt

Nenhum exemplar disponível.

BINAGRI

Telefone: (61)3218-2567/2388/3357/2097 - binagri@agro.gov.br

Ministério da Agricultura e Pecuária , Esplanada dos Ministérios, Bloco D, Anexo B, Brasília/DF, CEP: 70.043-900